000 00489nam a2200181Ia 4500
003 GCL
008 140319s9999 xx 000 0 ara d
040 _aGCL /
_cGCL
082 0 4 _a813.01
_bو ا
100 1 _aوارد بدر سالم
245 1 0 _aقصص: اصابع الصفصاف /
_cوارد بدر سالم
300 _a85 ص
490 _a
650 0 4 _aالادب العربى
650 0 4 _aالقصص العربية
650 0 4 _aالقصص القصيرة
942 _2ddc
_cBK
999 _c40339
_d40339